000 00604nam a22002297a 4500
003 OSt
005 20180116183002.0
008 150216b xxu||||| |||| 00| 0 eng d
020 _a9780471079828
022 _a9780471079828
040 _c0
050 _a332.04150973
082 _a332.04150973
100 _aLerner,Josh
245 _aVenture Capital and Private Equity .
_bA Casebook.Volume-II
_cJosh Lerner
260 _aNew York
_bJohn Wiley & Sons,Inc
_c1999
300 _a492p.
500 _aHard Cover
600 _aLerner,Josh
700 _aLerner,Josh
942 _2ddc
_cBK
_k332.04150973
999 _c349878
_d349878